000 00717nam a2200205 i 4500
001 74088
003 ES-MaACL
005 20250829120059.0
007 t|
008 040915s1931 sp ||||1| spa d
100 1 _aGonzález-Blanco, Pedro,
_d1879-1961
_958466
245 1 3 _aLa tierra de España y la reforma agraria /
_cpor Pedro González-Blanco.
260 _aValencia :
_b[Cuadernos de Cultura],
_c1931 (
_fTip. P. Quiles)
300 _a46 p. ;
_c17 cm.
490 1 _aCuadernos de cultura ;
_v48. Economía ;
_v4
650 4 _aReforma agraria-
_zEspaña-
_y1931-1939.
_916720
830 1 _aCuadernos de cultura
_v48. Economía ;
_v4
_9181245
852 _aES-MaACL
_j1937-F-8
999 _c74088
_d74088